| 000 | 00850nam a22002057a 4500 | ||
|---|---|---|---|
| 999 |
_c3139 _d3139 |
||
| 003 | AR-CdUCM | ||
| 008 | 190306b ||||| |||| 00| 0 spa d | ||
| 040 |
_aMUNICIPALIDAD PROVINCIAL DEL CUSCO _cBIBLIOTECA MUNICIPAL DEL CUSCO |
||
| 082 |
_a347.6 / _bF61 |
||
| 100 |
_aFlores Polo, Pedro _93159 |
||
| 245 | _aDerecho de quiebras / | ||
| 260 |
_aTrujillo : _bMARSOL, _c1989. |
||
| 300 |
_a630 páginas ; _c21 cm. |
||
| 505 | _aContenido: Aspectos doctrinados básicos -- Lineamientos generales de la legislación Peruana sobre quiebras -- Ley procesal de quiebras n° 7566 -- Del procedimiento para la declaración de quiebras de toda clase de deudores -- Del procedimiento para la verificación de créditos ... | ||
| 650 |
_aQuiebras _910584 |
||
| 650 |
_aPerú _935 |
||
| 650 |
_aDerecho Comercial _95267 |
||
| 942 |
_2ddc _cLIBROS |
||
| 945 | _aachl | ||